000 00645nam a22002417a 4500
003 UA-OsUOA
001 28814
007 ta
008 20050510b un ||||| |||| 00| 0 ukr d
090 _a821.161.2
_bЖ66
942 _cBK
040 _aUA-OsUOA
_bukr
_cUA-OsUOA
_dUA-OsUOA
245 _aЖива душа: Твори Марка Вовчка
_bНавчальний посібник
_cУпоряд. А. А.Чічановського
300 _a320 с.
955 _a0
041 _aukr
080 _a821.161.2
020 _a966-8066-24-3
260 _aК.
_bГрамота
_c2004
044 _aUA
650 7 _2UDC
999 _c315187
_d315187